000 00262nam a2200109Ia 4500
008 240109s2008 xx 000 0 und d
041 _aeng
082 _a620
100 _aMahaJan S.N.
245 _aMetrology And Quality Control
260 _aPune
_bNirali
_c2008
999 _c1009865
_d1009865